Antología personal
Guardat en:
| Autor principal: | |
|---|---|
| Format: | Llibre |
| Idioma: | espanyol |
| Publicat: |
Madrid
Visor
1996
|
| Col·lecció: | Colección Visor de Poesía, 343
|
| Matèries: | |
| Etiquetes: |
Afegir etiqueta
Sense etiquetes, Sigues el primer a etiquetar aquest registre!
|
MARC
| LEADER | 00000nam a2200000 a 4500 | ||
|---|---|---|---|
| 001 | UCU5451 | ||
| 003 | CL-VaPUC | ||
| 008 | 960604e19960000SP |||||||||||||||||spa|d | ||
| 082 | 0 | 4 | |a 861 |b CER |2 21 |
| 100 | 0 | |a Cernuda, Luis |e author |9 321579 | |
| 245 | 1 | 0 | |a Antología personal |
| 300 | |a 47 p | ||
| 942 | |c BK | ||
| 945 | |d 19960604 00:00:00 |a rbrito | ||
| 260 | |a Madrid |b Visor |c 1996 | ||
| 500 | |a Incluye CD. | ||
| 650 | 0 | |a Poesías españolas |9 265100 | |
| 583 | |a last modification |c 19960604 00:00:00 |k Rodrigo Vera | ||
| 490 | 0 | |a Colección Visor de Poesía, 343 | |
| 999 | |c 248817 |d 248815 | ||
| 952 | |0 0 |1 0 |4 0 |6 861_000000000000000_CER_1996 |7 0 |8 A |9 265686 |a BIBART |b BIBART |d 2019-11-19 |i 3206734 |o 861 CER 1996 |p 3206734 |r 2025-03-13 |w 2019-11-19 |y BK |k ART | ||
| 952 | |0 0 |1 0 |4 0 |6 861_000000000000000_CER_1996 |7 0 |8 A |9 265687 |a FDOPOS |b FDOPOS |d 2019-11-19 |i 3231372 |o 861 CER 1996 |p 3231372 |r 2025-01-22 |w 2019-11-19 |y BK |k MLH | ||